Migration within the Empire (Record no. 92125)
[ view plain ]
| 000 -LEADER | |
|---|---|
| fixed length control field | 00462nam a2200181Ia 4500 |
| 003 - CONTROL NUMBER IDENTIFIER | |
| control field | LK-CoDNM |
| 005 - DATE AND TIME OF LATEST TRANSACTION | |
| control field | 20230923100923.0 |
| 008 - FIXED-LENGTH DATA ELEMENTS--GENERAL INFORMATION | |
| fixed length control field | 010623t1924 xxu||||| |||| 00| 1 eng d |
| 040 ## - CATALOGING SOURCE | |
| Original cataloging agency | LK-CoDNM |
| Modifying agency | LK-CoDNM |
| Description conventions | LK-CoDNM |
| 041 ## - LANGUAGE CODE | |
| Language code of text/sound track or separate title | English |
| 080 ## - UNIVERSAL DECIMAL CLASSIFICATION NUMBER | |
| Universal Decimal Classification number | 12 R6 |
| 942 ## - ADDED ENTRY ELEMENTS (KOHA) | |
| Koha item type | Books |
| 100 ## - MAIN ENTRY--PERSONAL NAME | |
| Personal name | Belcher,Major E.A |
| 700 ## - ADDED ENTRY--PERSONAL NAME | |
| Personal name | Williamson,James A. |
| 245 ## - TITLE STATEMENT | |
| Title | Migration within the Empire |
| 260 ## - PUBLICATION, DISTRIBUTION, ETC. (IMPRINT) | |
| Name of publisher, distributor, etc. | W.Collins Sons Co |
| Place of publication, distribution, etc. | London |
| Date of publication, distribution, etc. | 1924 |
| 300 ## - PHYSICAL DESCRIPTION | |
| Other physical details | xxiii,280p., 22 cm |
| Withdrawn status | Lost status | Damaged status | Not for loan | Collection code | Permanent Location | Current Location | Date acquired | Full call number | Barcode | Koha item type |
|---|---|---|---|---|---|---|---|---|---|---|
| Damaged | Old Books Collection | Library National Museum Colombo - Sri Lanka | Library National Museum Colombo - Sri Lanka | 2023-09-23 | 12 R6 | OB 309 | Books |


